000 00597nam a2200217Ia 4500
003 OSt
005 20251025152922.0
008 210423s1988 xx 000 0 und d
040 _cAL
041 _aEnglish
082 _a361.1
_bGHOC
100 _aBiswanath Ghosh
_9110482
245 _aContemporary social problems of India
260 _aMumbai
_bHimalaya Publishing House
_c1988
300 _a200
_bPB
365 _b80
_cINR
650 _aSocial Problems
_9110483
650 _aSocial Problems & Services
_9110484
906 _aContemporary ; india ; problems ; social
942 _2ddc
_cBK
999 _c172706
_d172706